| 000 | 00669nam a22001697a 4500 | ||
|---|---|---|---|
| 999 |
_c14997 _d14997 |
||
| 008 | 200204b ||||| |||| 00| 0 eng d | ||
| 082 |
_22012 _aUT 1447 _bC81 |
||
| 100 |
_aCorbeta, Francis G. _941635 |
||
| 245 |
_aCauses of Juvenile Deliquency as Perceived by the Residents in Barangay Zone III, Digos City/ _cFrancis G. Corbeta,Junicel B. Lebres & Charlie O. Lerin |
||
| 260 |
_aDigos City _bUMDC _cOctober 2012 |
||
| 300 |
_a45 pages _c30 cm |
||
| 650 |
_aCriminal Justice Education _vCriminology _xUndergraduate Thesis _933107 |
||
| 700 |
_aCorbeta, Francis G. _941636 |
||
| 700 |
_aLebres, Junicel B. _941637 |
||
| 700 |
_aLerin, Charlie O. _941638 |
||
| 942 |
_2ddc _cUT |
||